10 najbogatszych polaków po imionach - Statystyki

Ogólne statystyki
  • Ten quiz został rozwiązany 115 razy
  • Średni wynik to 4 z 11
Statystyki odpowiedzi
lp. Nazwisko Imię % Poprawnych
1 Sołowow Michał
69%
10 Marchewka Paweł
55%
4 Biernacki Tomasz
48%
9 Iwiński Marcin
42%
8 Adamkiewicz Maciej
37%
7 Juroszek Zbigniew
35%
2 Solorz Zygmunt
31%
5 Kulczyk Dominika
29%
6 Kulczyk Sebastian
29%
3 Starak Jerzy
28%
8 Adamkiewicz Małgorzata
2%
Nie znaleziono quizów pasujących do podanych kryteriów
Rozkład punktacji
Procent ludzi z każdym wynikiem
Percentyl według liczby udzielonych odpowiedzi
Twoja historia wyników
Nie rozwiązałeś tego quizu